Quick Pick: 'C' World Landmarks Quiz Stats

 Plays Quiz Updated Sep 13, 2016

Challenge
Share
Tweet
Embed
Score 0/12 Timer 01:00
0 Plays Today
% Correct
Italy
93.6%
Brazil
90.5%
United Kingdom
89.1%
South Africa
86.3%
Canada
75.7%
Mexico
73.6%
Ireland
67.9%
Spain
63.3%
Chile
47.4%
United States
45.3%
Czechia
38.4%
Philippines
32.7%

Today's Daily Dose

You're not logged in!

Compare scores with friends on all Sporcle quizzes.
OR
Log In

You Might Also Like...

Show Comments

Extras

Top Quizzes Today


Score Distribution

Your Account Isn't Verified!

In order to create a playlist on Sporcle, you need to verify the email address you used during registration. Go to your Sporcle Settings to finish the process.

Report this User

Report this user for behavior that violates our Community Guidelines.

Details: